Statistics for Lil Uzi Vert - Eternal Atake Songs

Click here to take the quiz!

General Stats

  • This quiz has been taken 253 times
  • The average score is 13 of 18

Answer Stats

#Song% Correct
1Baby Pluto
91%
2Lo Mein
83%
16P2
79%
18That Way
79%
6Homecoming
78%
4POP
78%
3Silly Watch
78%
14Venetia
77%
8Celebration Station
76%
10Chrome Heart Tags
72%
7I'm Sorry
72%
13Urgency
72%
17Futsal Shuffle 2020
71%
5You Better Move
71%
12Prices
69%
9Bigger Than Life
63%
11Bust Me
62%
15Secure the Bag
60%

Score Distribution

Percentile by Number Answered

Percent of People with Each Score

Your Score History

You have not taken this quiz